| 000 | 00523cam a2200169 a 4500 | ||
|---|---|---|---|
| 001 | 3964459 | ||
| 005 | 20250625100732.0 | ||
| 008 | 940114s1991 tnub 000 0 eng | ||
| 020 | _a0840720270 | ||
| 050 | 0 | 0 |
_aBS2095 _b.C66 1991b |
| 082 | 0 | 0 |
_a225.5/208 _220 |
| 245 | 1 | 4 |
_aThe King and the Beast : _ba student New Testament : Contemporary English Version. |
| 260 |
_aNashville : _bThomas Nelson Publishers, _cc1991. |
||
| 300 |
_aiii, 692 p. : _bmaps ; _c21 cm. |
||
| 710 | 2 | _aThomas Nelson Publishers. | |
| 942 |
_2lcc _cBK _n0 |
||
| 999 |
_c6666 _d6666 |
||